Größte Stadt beginnend mit K in Diesem Land - Statistiken

Allgemein
  • Dieses Quiz wurde 339 mal gespielt
    328 seit der letzten Aktualisierung
  • Das Durchschnittsergebnis liegt bei 8 aus 15
Antwortstatistiken
Land K-Stadt % Korrekt
Afghanistan Kabul
98%
Deutschland Köln
97%
Jamaika Kingston
90%
Nepal Kathmandu
85%
DR Kongo Kinshasa
83%
Indien Kalkutta
69%
Uganda Kampala
67%
Pakistan Karachi
40%
Japan Kobe
36%
Litauen Kaunas
34%
Nigeria Kano
20%
Irland Kilkenny
20%
China Kunming
18%
Georgien Kutaissi
7%
Nordkorea Kaesong
4%
Keine übereinstimmenden Quizze gefunden
Verteilung der Resultate
Anzahl Personen mit jedem Resultat
Perzentil nach korrekt beantworteten Fragen
Ihre Resultats-Entwicklung
Sie haben dieses Quiz seit der letzten Aktualisierung nicht gespielt